000 01525ngm a22003250a 4500
001 PT38529
003 AR-LpoUNG
005 20210202000525.0
007 vd cvaizq
008 191001s1964||||ag |||||||||||||||||spa d
037 _c$13,50
040 _aAR-LpoUNG
_bspa
_cAR-LpoUNG
_eaacr
041 _aspa
044 _aag
082 0 _a152.1 395fil
100 1 _aBeckett, Samuel
_edir.
245 1 0 _aFilm
260 _aBuenos Aires :
_bBlackman,
_c1964.
300 _aDVD (20 min.) : byn
505 0 _aPelícula muda. - Film es la única incursión de Samuel Beckett en el cine. Escrita en 1963, se rodó en Nueva York durante el verano de 1964. - Dirigida por: Alan Schneider y protagonizada por Buster Keaton. - Para el rodaje, Beckett realizó su único viaje a los Estados Unidos, en julio de 1964.
520 _aEsta obra es una pieza de antología para el estudio del fenómeno de la percepción. La película no tiene diálogos y sólo un sonido -un ligero "­sssh !" -, parte de la teoría de Berkeley "Esse est percipi", o sea "ser es ser percibido" : aún cuando se suprime toda percepción exterior -ya sea ésta animal, humana o divina- permanece la auto-percepción. Sin embargo, pese a este principio filosófico, la película, como toda la obra de Beckett, contiene elementos de comedia
650 4 _aFILOSOFIA
651 4 _aDOCUMENTOS TEORICOS O METODOLOGICOS
653 _aCINE
653 _aCINE ESTADOUNIDENSE
653 _aDVD
653 _aVIDEOS
905 _a38529
942 _cDVD
999 _c55033
_d55033